BIBLIOTHÈQUE DE LA MAISON DU MEXIQUE

Logo 1 Logo 2

Mulata de tal (notice nᵒ 6159)

détails MARC
000 -Sello discográfico
campo de control de longitud fija 00783nam a2200265 4500
005 - Identificación de versión
campo de control 20251016083258.0
099 ## - fechas locales
Tipo de ítem Koha LIBRO
100 ## - Datos de procesamiento general
Datos de procesamiento general 20220701d1963 m y1spay5003 ba
105 ## - Campo de datos codificados: Material textual, monográfico
Datos codificados de monografía y 001ay
200 1# - Título y mención de responsabilidad
Título propio Mulata de tal
Designación general del material texto impreso
Primer mención de responsabilidad Miguel Angel Asturias
210 ## - Publicación, distribución, etc.
Lugar de publicación, distribución, etc. Buenos Aires
Nombre del editor, distribuidor, etc. Editorial Losada
Fecha de publicación, distribución, etc. 1963
215 ## - Descripción física
Designación de material específico y extensión del ítem 280 p
Dimensiones 21 cm
345 ## - Nota de información de adquisición
Fuente de adquisición/dirección de la suscripción [OBSOLETO] Donación Flora Sallembien
410 #1 - Series
Título Novelistas de nuestra época
606 ## - Término temático usado como materia
Elemento de entrada Novela guatemalteca
Subdivisión cronológica Siglo XX
Número Koha 5460
660 ## - Código de área geográfica
Código MX
700 ## - Nombre personal - Responsabilidad primaria
Elemento de entrada Asturias
Parte del nombre distinta del elemento de entrada Miguel Angel
Fechas 1889-1974
Número Koha 2740
801 #0 - Fuente de origen
País FR
Agencia cm
Reglas de catalogación (convenciones descriptivas) AFNOR
900 ## -
-- 1/21733
900 ## -
-- 7100417642\080104
942 ## - ELEMENTOS DE ENTRADA SECUNDARIOS (KOHA)
Tipo de ítem Koha Livre
996 ## -
-- MEX
-- 751145101
-- MMAG
-- 006705
-- G863.4 A859MU
-- 20220701LIV
Exemplaires
Estatus retirado Estado de daño Estado de pérdida Fecha de adquisición Biblioteca de origen Biblioteca actual Ubicación en estantería Código de barras Precio de reemplazo Signatura topográfica completa No para préstamo Tipo de ítem Koha Nota pública Nota no pública
      05/08/2025 Casa México Paris Casa México Paris   006705 05/08/2025 G863.4 A859MU   Livre 20220701LIV 751145101